Bodas de oro : 1904 - 1954 : Quinta de Salud 'La Alianza' 1904 - 1954 :
Descripción Física:
[52] : il. ; 24 cm
MARC
| LEADER | 00000nam a2200000Ia 4500 | ||
|---|---|---|---|
| 001 | 23075 | ||
| 008 | 160829s1954 xx 000 0 cat d | ||
| 080 | |a S-1-325 | ||
| 245 | |a Bodas de oro : |b 1904 - 1954 : |b Quinta de Salud 'La Alianza' | ||
| 260 | |a Barcelona : |b Gráficas Flos, |c 1954 | ||
| 300 | |a [52] : |b il. ; |c 24 cm | ||
| 590 | |a A la coberta: Mutualidad de Previsión Social Barcelona. | ||
| 590 | |a Prové de Q-468, exp. 99 | ||
| 650 | |a Equipaments sanitaris |9 41098 | ||
| 650 | |a Quinta de Salut l'Aliança |9 41099 | ||
| 901 | |a Arxiu | ||
| 942 | |n 1 | ||
| 952 | |0 0 |1 0 |4 0 |6 S1325 |7 1 |9 50041 |a Arxiu |b Arxiu |d 2016-12-01 |l 0 |o S-1-325 |p 23075 |r 2016-12-01 00:00:00 |w 2016-12-01 |y ARXIU | ||
| 999 | |c 53883 |d 53883 | ||